000 00346nam a2200133Ia 4500
005 20251222152621.0
008 251222s9999||||xx |||||||||||||| ||spa||
082 _a863.3/C48
100 _aCervantes, Miguel
245 0 _aEl Ingenioso Hidalgo Don Quijote de la Mancha
250 _a1ra. ed.
264 _bBiblioteca IV Centenario
942 _cLIB
999 _c27358
_d27358